000 00772nam a22002297a 4500
001 48606
003 BD-RjUL
005 20211209054543.0
008 160814s1963 bg ||||| |||| 00| 0 ben d
020 _c: TK 2.00
035 _a(BD-RjUL)48725
040 _aBD-RjUL
_bben
_cBD-RjUL
041 _aben
082 _223
_a891.442
_bKHC 1963
100 _aখানম, জোবেদা
_9123205
245 1 0 _aছোটদের একাঙ্কিকা /
_cজোবেদা খানম
260 _aঢাকা :
_bবাংলা একাডেমী,
_c১৯৬৩ [১৩৭০]
300 _a১১৫ পৃ. ;
_c২১ সেমি.
650 _aবাংলা নাটক
_9146818
650 _aBengali Drama
_9146819
942 _2ddc
_cBK
999 _c48606
_d48606